Harry Potter and the Chamber of Secrets - Statistics

General Stats
  • This quiz has been taken 9,267 times
    8,133 since last reset
  • The average score is 18 of 26
Answer Stats
Hint Answer % Correct
What is the name of the house elf which comes to 'help' Harry? Dobby
99%
Who gets shy and runs off when she meets Harry? Ginny Weasley
91%
By what transport do Harry and Ron get to Hogwarts? Car
88%
What is Mrs Weasley's mood when the boys get back from rescuing Harry? Angry
84%
What did Draco call Hermione? Mudblood
84%
Who got expelled from Hogwarts in their 3rd year? Rubeus Hagrid
80%
Who does Harry get his photo taken with in Flourish and Blotts? Gilderoy Lockhart
79%
What did Ron throw up after trying to curse Malfoy? Slugs
78%
Who got this person expelled? Tom Riddle
77%
How many muggles spot Harry and Ron travelling to Hogwarts? 7
75%
What creature is hidden in the chamber of secrets? Basilisk
73%
What tree do Harry and Ron crash into when they get to Hogwarts? Whomping Willow
73%
What was the name of the acromantula this person kept? Aragog
70%
How did Harry find out about this? His Diary
70%
With what broom did Draco Malfoy buy his way into the Slytherin Quidditch team? Nimbus 2001
70%
Who is helping this person unwillingly? Ginny Weasley
69%
With what language does Harry open the chamber of secrets? Parseltongue
62%
With what does Harry destroy the horcrux (the diary)? Basilisk fang
61%
Who keeps taking photos at Hogwarts? Colin Creevey
59%
What does Harry pull out of the sorting hat? Sword of Gryffindor
54%
Who is the house elf's master? Lucius Malfoy
53%
How long was Harry in detention for with Lockhart? 4 hours
50%
What is the one spell Lockhart can do? Obliviate
50%
Who saves Harry's life? Fawkes
49%
What were cancelled as a treat off Dumbledore? Exams
48%
Whose head did the house elf drop the cake on to? Mrs Mason
26%
No matching quizzes found
Score Distribution
Percent of People with Each Score
Percentile by Number Answered
Your Score History
You have not taken this quiz since the last reset